[Event "Mittelfranken Landesliga Sued 2122"]
[Site "Mittelfranken"]
[Date "2022.05.08"]
[Round "8.4"]
[White "Reimann, Robert"]
[Black "Buehner, Maximilian"]
[Result "1-0"]
[WhiteElo "2091"]
[BlackElo "1898"]
[PlyCount "129"]
[EventDate "2021.10.24"]
[EventType "team-tourn"]
[EventRounds "9"]
[EventCountry "GER"]
[SourceTitle "EXT 2024"]
[Source "ChessBase"]
[SourceDate "2023.10.10"]
[SourceVersion "1"]
[SourceVersionDate "2023.10.10"]
[SourceQuality "1"]
[WhiteTeam "Kriegshaber"]
[BlackTeam "Muenchen Zugzwang II"]
[WhiteTeamCountry "GER"]
[BlackTeamCountry "GER"]

1. Nf3 Nf6 2. c4 c5 3. g3 g6 4. Bg2 Bg7 5. 0-0 0-0 6. d4 cxd4 7. Nxd4 Nc6 8. Nc3 Re8 9. c5 Rb8 10. Nb3 b6 11. Bf4 e5 12. Be3 Ng4 13. Bc1 Bb7 14. cxb6 axb6 15. Nd5 Ne7 16. Bg5 Bxd5 17. Bxd5 h6 18. Bxe7 Qxe7 19. e4 Nf6 20. Qd3 Rbc8 21. Rfd1 Red8 22. Rac1 Bf8 23. a3 d6 24. Qb5 Nxd5 25. Qxd5 Qd7 26. Rxc8 Rxc8 27. Qxe5 dxe5 28. Rxd7 Rc4 29. f3 Rc2 30. Rd2 Bc5+ 31. Kf1 Rc4 32. Ke2 Bg1 33. Kd3 Rc7 34. Rg2 Rd7+ 35. Kc4 Rd1 36. Nd2 Be3 37. Kd3 Bd4 38. Kc2 Re1 39. Nb3 Be3 40. Nd2 Kf8 41. a4 Ke7 42. Kd3 Bd4 43. Kc2 Kd7 44. b4 Kc6 45. Nb3 Be3 46. b5+ Kd6 47. Kd3 Rb1 48. Kc4 Rf1 49. Rc2 Rd1 50. Rc3 Bg1 51. h3 Rb1 52. Rc1 Rxc1+ 53. Nxc1 f5 54. g4 fxe4 55. fxe4 h5 56. Ne2 Bf2 57. gxh5 gxh5 58. Nc3 Ke6 59. Nd5 Kf7 60. Nc7 Kf6 61. Kd5 Kg5 62. Ne6+ Kf6 63. Nd8 Bd4 64. Nc6 Bc3 65. a5 1-0

[Event "Landesliga Sued 1819"]
[Site "Bayern"]
[Date "2019.04.07"]
[Round "9.6"]
[White "Moser, Wolfgang"]
[Black "Reimann, Robert"]
[Result "1/2-1/2"]
[WhiteElo "2016"]
[BlackElo "2040"]
[PlyCount "37"]
[EventDate "2018.10.21"]
[EventType "team-tourn"]
[EventRounds "9"]
[EventCountry "GER"]
[SourceTitle "EXT 2022"]
[Source "ChessBase"]
[SourceDate "2021.10.06"]
[SourceVersion "1"]
[SourceVersionDate "2021.10.06"]
[SourceQuality "1"]
[WhiteTeam "Trostberg TSV"]
[BlackTeam "Kriegshaber SK"]
[WhiteTeamCountry "GER"]
[BlackTeamCountry "GER"]

1. Nf3 c5 2. g3 Nf6 3. Bg2 Nc6 4. 0-0 d5 5. c4 d4 6. d3 e5 7. Nbd2 Be7 8. Ng5 0-0 9. Nge4 Nd7 10. g4 Nb6 11. h3 f5 12. gxf5 Bxf5 13. Ng3 Be6 14. Nde4 Nd7 15. Bd2 Kh8 16. Rb1 Rc8 17. a3 a5 18. Qb3 b6 19. Qb5 1/2-1/2

[Event "Innsbruck op-A 2nd"]
[Site "Innsbruck"]
[Date "2018.08.26"]
[Round "2"]
[White "Reimann, Robert"]
[Black "Rogac, Srdjan"]
[Result "1/2-1/2"]
[WhiteElo "2096"]
[BlackElo "2321"]
[PlyCount "37"]
[EventDate "2018.08.24"]
[EventType "swiss"]
[EventRounds "9"]
[EventCountry "AUT"]
[SourceTitle "CBM 186 Extra"]
[Source "ChessBase"]
[SourceDate "2018.08.24"]
[SourceVersion "1"]
[SourceVersionDate "2018.08.24"]
[SourceQuality "1"]

1. d4 Nf6 2. c4 e6 3. Nf3 Bb4+ 4. Bd2 c5 5. Bxb4 cxb4 6. g3 0-0 7. Bg2 a5 8. a3 Na6 9. 0-0 d6 10. axb4 Nxb4 11. Nc3 Qc7 12. b3 Bd7 13. Qd2 Bc6 14. Rac1 Qe7 15. Rfe1 Ne4 16. Nxe4 Bxe4 17. Ng5 Bxg2 18. Kxg2 Rfd8 19. Nf3 1/2-1/2

[Event "Landesliga Sued 1718"]
[Site "Bayern"]
[Date "2018.01.21"]
[Round "5.7"]
[White "Romfeld, Michael"]
[Black "Reimann, Robert"]
[Result "1/2-1/2"]
[WhiteElo "2064"]
[BlackElo "2044"]
[PlyCount "41"]
[EventDate "2017.10.22"]
[EventType "team-tourn"]
[EventRounds "9"]
[EventCountry "GER"]
[SourceTitle "EXT 2022"]
[Source "ChessBase"]
[SourceDate "2021.10.06"]
[SourceVersion "1"]
[SourceVersionDate "2021.10.06"]
[SourceQuality "1"]
[WhiteTeam "Haunstetten TSV"]
[BlackTeam "Kriegshaber SK"]
[WhiteTeamCountry "GER"]
[BlackTeamCountry "GER"]

1. e4 c5 2. Nf3 d6 3. d4 cxd4 4. Nxd4 Nf6 5. Nc3 a6 6. Be3 e5 7. Nb3 Be6 8. Qd2 Nbd7 9. Be2 Be7 10. f3 Qc7 11. 0-0 Rc8 12. Rfd1 0-0 13. Rac1 Nb6 14. Bg5 Rfd8 15. Bxf6 Bxf6 16. Nd5 Bxd5 17. exd5 h6 18. g3 e4 19. fxe4 Bxb2 20. Rb1 Bc3 21. Qe3 1/2-1/2

[Event "Landesliga Sued 1718"]
[Site "Bayern"]
[Date "2017.12.10"]
[Round "4.7"]
[White "Hartmann, Ralf"]
[Black "Reimann, Robert"]
[Result "1/2-1/2"]
[WhiteElo "1840"]
[BlackElo "2044"]
[PlyCount "46"]
[EventDate "2017.10.22"]
[EventType "team-tourn"]
[EventRounds "9"]
[EventCountry "GER"]
[SourceTitle "EXT 2022"]
[Source "ChessBase"]
[SourceDate "2021.10.06"]
[SourceVersion "1"]
[SourceVersionDate "2021.10.06"]
[SourceQuality "1"]
[WhiteTeam "Ingolstadt"]
[BlackTeam "Kriegshaber SK"]
[WhiteTeamCountry "GER"]
[BlackTeamCountry "GER"]

1. d4 Nf6 2. Bf4 c5 3. c3 Qb6 4. Qd2 e6 5. e3 Nc6 6. Bd3 Nh5 7. Bg3 Be7 8. Qc2 h6 9. Nd2 d5 10. Be2 Nxg3 11. hxg3 e5 12. dxe5 Nxe5 13. Ngf3 Nxf3+ 14. Bxf3 Be6 15. 0-0 0-0 16. Nb3 Rfd8 17. Rfd1 a5 18. Rd2 a4 19. Nc1 Bf6 20. Ne2 a3 21. b3 g5 22. Rad1 c4 23. b4 Qc6 1/2-1/2

[Event "Landesliga Sued 1314"]
[Site "Bayern"]
[Date "2014.03.16"]
[Round "8.6"]
[White "Reimann, Robert"]
[Black "Schwarzmeier, Klaus"]
[Result "1-0"]
[WhiteElo "2193"]
[BlackElo "2119"]
[PlyCount "71"]
[EventDate "2013.10.13"]
[EventType "team-tourn"]
[EventRounds "9"]
[EventCountry "GER"]
[SourceTitle "EXT 2015"]
[Source "ChessBase"]
[SourceDate "2014.11.20"]
[SourceVersion "1"]
[SourceVersionDate "2014.11.20"]
[SourceQuality "1"]
[WhiteTeam "Goeggingen"]
[BlackTeam "Rottal"]
[WhiteTeamCountry "GER"]
[BlackTeamCountry "GER"]

1. c4 c6 2. Nf3 d5 3. d4 Nf6 4. Nc3 dxc4 5. a4 Bf5 6. e3 e6 7. Bxc4 Bb4 8. 0-0 0-0 9. Qe2 Bg4 10. h3 Bh5 11. Rd1 Nbd7 12. e4 Qe7 13. e5 Nd5 14. Ne4 a5 15. Bg5 f6 16. exf6 gxf6 17. Bh6 Rfe8 18. Ng3 Bf7 19. Qe4 Kh8 20. Bd3 Bg6 21. Qh4 Rg8 22. Nh5 Qf7 23. Ng3 Be7 24. Bf1 N7b6 25. Ne4 Bh5 26. g4 Bg6 27. Ng3 Bc2 28. Rd2 Nb4 29. Kh1 N6d5 30. Re1 Rae8 31. Bc4 Bxa4 32. Rde2 Bd8 33. g5 Bc2 34. gxf6 Bxf6 35. Ne5 Bxe5 36. Rxe5 1-0

[Event "Augsburg op"]
[Site "Augsburg"]
[Date "2013.12.29"]
[Round "6"]
[White "Reimann, Robert"]
[Black "Bilchinski, Anton"]
[Result "1/2-1/2"]
[WhiteElo "2193"]
[BlackElo "1920"]
[PlyCount "96"]
[EventDate "2013.12.27"]
[EventType "swiss"]
[EventRounds "7"]
[EventCountry "GER"]
[SourceTitle "CBM 158 Extra"]
[Source "ChessBase"]
[SourceDate "2014.02.28"]
[SourceVersion "1"]
[SourceVersionDate "2014.02.28"]
[SourceQuality "1"]

1. Nf3 Nf6 2. c4 c5 3. g3 Nc6 4. Bg2 e6 5. 0-0 Be7 6. d4 cxd4 7. Nxd4 a6 8. Nc3 0-0 9. b3 Qc7 10. Bb2 d6 11. Rc1 Ne5 12. Qd2 Re8 13. Rfd1 Bd7 14. e3 Rad8 15. h3 h6 16. Nce2 Qb8 17. a4 d5 18. f4 Nc6 19. c5 Ne4 20. Bxe4 dxe4 21. Qc2 Qc8 22. g4 e5 23. Nxc6 Bxc6 24. Bxe5 h5 25. f5 hxg4 26. hxg4 Rxd1+ 27. Rxd1 Rd8 28. b4 Rxd1+ 29. Qxd1 Qe8 30. Qd4 Bxa4 31. Bxg7 Qd7 32. Nc3 Qxd4 33. Bxd4 Bc6 34. Kg2 Bh4 35. Kh3 Be1 36. g5 Bxc3 37. Bxc3 Kf8 38. Bf6 Kg8 39. Kg3 Kf8 40. Kf4 Kg8 41. Ke5 Kf8 42. Bd8 Kg7 43. Be7 Kg8 44. Kf6 Bd5 45. g6 fxg6 46. Kxg6 Bc4 47. Kf6 Bb3 48. Bd6 Bc4 1/2-1/2

[Event "Landesliga Sued 1314"]
[Site "Bayern"]
[Date "2013.12.15"]
[Round "4.6"]
[White "Reimann, Robert"]
[Black "Trapp, Maximilian"]
[Result "1/2-1/2"]
[WhiteElo "2193"]
[BlackElo "2052"]
[PlyCount "74"]
[EventDate "2013.10.13"]
[EventType "team-tourn"]
[EventRounds "9"]
[EventCountry "GER"]
[SourceTitle "EXT 2015"]
[Source "ChessBase"]
[SourceDate "2014.11.20"]
[SourceVersion "1"]
[SourceVersionDate "2014.11.20"]
[SourceQuality "1"]
[WhiteTeam "Goeggingen"]
[BlackTeam "Freising"]
[WhiteTeamCountry "GER"]
[BlackTeamCountry "GER"]

1. d4 d5 2. Nf3 Nf6 3. c4 e6 4. Nc3 Be7 5. Bg5 0-0 6. e3 c6 7. Rc1 Nbd7 8. Qc2 h6 9. Bh4 dxc4 10. Bxc4 b5 11. Be2 Bb7 12. 0-0 a6 13. Rfd1 Rc8 14. a3 c5 15. dxc5 Rxc5 16. Qd3 Qa8 17. Nb1 Rfc8 18. Qd2 Ne4 19. Qe1 g5 20. Rxc5 Ndxc5 21. b4 gxh4 22. bxc5 Rxc5 23. Bf1 Bf6 24. Nfd2 Nxd2 25. Nxd2 Rd5 26. Ne4 Be7 27. Nc3 Rxd1 28. Qxd1 Bf6 29. Qg4+ Kh8 30. Ne2 Qg8 31. Qf4 Bg5 32. Qc7 Bd5 33. Nf4 Ba8 34. Qe5+ Qg7 35. Qb8+ Qg8 36. Qe5+ Qg7 37. Qb8+ Qg8 1/2-1/2

[Event "Regionalliga SW 1213"]
[Site "Bayern"]
[Date "2012.12.09"]
[Round "4.5"]
[White "Reimann, Robert"]
[Black "Joerg, Harald"]
[Result "1/2-1/2"]
[WhiteElo "2082"]
[BlackElo "2179"]
[PlyCount "74"]
[EventDate "2012.10.14"]
[EventType "team-tourn"]
[EventRounds "9"]
[EventCountry "GER"]
[SourceTitle "EXT 2015"]
[Source "ChessBase"]
[SourceDate "2014.11.20"]
[SourceVersion "1"]
[SourceVersionDate "2014.11.20"]
[SourceQuality "1"]
[WhiteTeam "Goeggingen"]
[BlackTeam "Muenchen Siemens"]
[WhiteTeamCountry "GER"]
[BlackTeamCountry "GER"]

1. e4 e5 2. Nf3 Nc6 3. Bb5 Nf6 4. 0-0 Bc5 5. c3 0-0 6. d4 Bb6 7. a4 a5 8. Bg5 h6 9. Bxf6 Qxf6 10. Bxc6 Qxc6 11. Nxe5 Qxe4 12. Nd2 Qf5 13. Ndc4 Ba7 14. Ne3 Qe4 15. Qf3 Qxf3 16. Nxf3 d6 17. Nd5 c6 18. Ne7+ Kh7 19. Nxc8 Raxc8 20. Rfe1 Rfe8 21. Kf1 Kg6 22. Rxe8 Rxe8 23. Re1 Re6 24. Rxe6+ fxe6 25. g4 Kf6 26. Ke2 Bb8 27. c4 d5 28. b3 Bd6 29. h3 Bf4 30. Kd3 b6 31. Ke2 h5 32. Kd3 hxg4 33. hxg4 Bd6 34. cxd5 exd5 35. Kc3 Bb4+ 36. Kd3 Bd6 37. Kc3 Bb4+ 1/2-1/2

[Event "Regionalliga SW 0910"]
[Site "Bayern"]
[Date "2010.02.07"]
[Round "6.3"]
[White "Kunze, Holger"]
[Black "Reimann, Robert"]
[Result "1-0"]
[WhiteElo "2118"]
[BlackElo "2102"]
[PlyCount "83"]
[EventDate "2009.10.18"]
[EventType "team-tourn"]
[EventRounds "9"]
[EventCountry "GER"]
[SourceTitle "EXT 2011"]
[Source "ChessBase"]
[SourceDate "2010.11.26"]
[SourceVersion "1"]
[SourceVersionDate "2010.11.26"]
[SourceQuality "1"]
[WhiteTeam "Bayern Muenchen III"]
[BlackTeam "Goeggingen"]
[WhiteTeamCountry "GER"]
[BlackTeamCountry "GER"]

1. d4 Nf6 2. Nf3 g6 3. c4 Bg7 4. Nc3 d6 5. Bg5 h6 6. Bh4 0-0 7. e3 g5 8. Bg3 Nh5 9. Qc2 f5 10. Be2 c6 11. 0-0-0 a6 12. c5 Nxg3 13. hxg3 b5 14. cxb6 Qxb6 15. Bc4+ e6 16. d5 cxd5 17. Nxd5 Qd8 18. e4 Ra7 19. Ne3 fxe4 20. Qxe4 Qf6 21. Qc2 d5 22. Ng4 Qf5 23. Qxf5 Rxf5 24. Bd3 Rf8 25. Nxh6+ Bxh6 26. Rxh6 Nc6 27. Rdh1 Rg7 28. Rh8+ Kf7 29. Rxf8+ Kxf8 30. Rh8+ Rg8 31. Rxg8+ Kxg8 32. Nxg5 e5 33. f3 Kg7 34. a3 Kf6 35. Nh3 a5 36. Kd2 Nd4 37. Ng1 Bb7 38. Ne2 Nb3+ 39. Kc2 e4 40. Kxb3 exd3 41. Nf4 Ke5 42. Kc3 1-0

[Event "Regionalliga SW 0910"]
[Site "Bayern"]
[Date "2010.01.24"]
[Round "5.4"]
[White "Urankar, Hans Peter"]
[Black "Reimann, Robert"]
[Result "1-0"]
[WhiteElo "2157"]
[BlackElo "2102"]
[PlyCount "41"]
[EventDate "2009.10.18"]
[EventType "team-tourn"]
[EventRounds "9"]
[EventCountry "GER"]
[SourceTitle "EXT 2011"]
[Source "ChessBase"]
[SourceDate "2010.11.26"]
[SourceVersion "1"]
[SourceVersionDate "2010.11.26"]
[SourceQuality "1"]
[WhiteTeam "Unterhaching"]
[BlackTeam "Goeggingen"]
[WhiteTeamCountry "GER"]
[BlackTeamCountry "GER"]

1. d4 Nf6 2. Bf4 g6 3. e3 Bg7 4. Nf3 0-0 5. Be2 d6 6. 0-0 c5 7. c3 Nc6 8. Nbd2 Bf5 9. h3 Re8 10. Bh2 a6 11. dxc5 dxc5 12. a4 h6 13. Nc4 b5 14. Nce5 Nxe5 15. Nxe5 Nd5 16. Nc6 Qc8 17. Bf3 b4 18. Qxd5 bxc3 19. bxc3 Bxc3 20. Rac1 Bf6 21. Nd4 1-0